| 000 | 01052cam a22002771 4500 | ||
|---|---|---|---|
| 001 | gs 10000572 | ||
| 003 | DLC | ||
| 005 | 20260227111310.0 | ||
| 008 | 800415s1910 cauabf s000 0 eng | ||
| 010 | _ags 10000572 | ||
| 035 | _a(OCoLC)6205086 | ||
| 040 |
_aDLC _cTxCM _dOCoLC _dDLC |
||
| 042 | _apremarc | ||
| 050 | 0 | 0 |
_aTN24.C2 _bA3 no. 57 |
| 110 | 2 | _aCalifornia State Mining Bureau. | |
| 245 | 1 | 0 |
_aGold dredging in California. _cLewis E. Aubury, state mineralogist. |
| 260 |
_aSacramento, _bW.W. Shannon, superintendent state printing, _c1910. |
||
| 300 |
_axvi, 312 p. _bfront., (fold. map) illus., fold. plates, fold. maps, fold. tables, diagrs. |
||
| 490 | 1 |
_aIts Bulletin _vno. 57 |
|
| 500 | _aIntroductory by Lewis E. Aubury. Chap. I, General, historical and geological, by W. B. Winston and Charles Janin. | ||
| 650 | 0 |
_aGold mines and mining _zCalifornia. |
|
| 700 | 1 |
_aAubury, Lewis E., _d1862- |
|
| 700 | 1 | _aWinston, William Bruce. | |
| 700 | 1 | _aJanin, Charles. | |
| 810 | 2 |
_aCalifornia State Mining Bureau. _tBulletin ; _vno. 57. |
|
| 999 |
_c24967 _d24967 |
||